Огледален образ (Запис номер 25682)
[ съкратено ]
| 000 -Лидер | |
|---|---|
| Контролно поле с фиксирана дължина | 01544nam a2200373 c 4500 |
| 003 - Код на организацията, давaща контролен номер | |
| Контролно поле | BLK |
| 005 - Дата и час на последна редакция | |
| Контролно поле | 20250728093244.0 |
| 008 - Елементи от данни с фиксирана дължина | |
| fixed length control field | 180413b bul|||||r ||||||| ||bul|| |
| 010 ## - Наследен системен номер | |
| LC control number | KNG00028226000 |
| 020 ## - Международен стандартен номер на книга ISBN | |
| Международен стандартен номер на книга ISBN | 978-954-9625-72-1 |
| -- | издат.: Ергон |
| 040 ## - Източник на каталожния запис | |
| Идентификатор на билиотеката - собственик на записа | BLK |
| 041 ## - Код за език | |
| Код за езика на текст/звукозапис или на отделно заглавие | Български |
| Код за езика КДБФ | Български |
| 072 #7 - Код за тематичната категория | |
| Код организация | bullib |
| Код за тематична категория | Н83 |
| Текст | Чужда художествена литература Н |
| 080 ## - УДК | |
| Текстов определител УДК | Американска литература (на САЩ) |
| УДК код - определител по УДК | 821.111(73) |
| УДК определител | -31 |
| УДК - код + определител | 821.111(73)-31 |
| 100 ## - Редна дума - Автор | |
| Автор | Браун, Сандра |
| Дати, свързани с автора | 1948- |
| Автор - информация (биография) | Американска писателка |
| Авторска отговорност | първи автор |
| R(LIN) | 241650 |
| 139 ## - Редно поле | |
| Редна дума | Браун, Сандра |
| Авторски знак | Брат - Б 78 |
| 245 10 - Сведения за заглавието | |
| Заглавие | Огледален образ |
| Подзаглавни данни | Роман |
| Редно поле (дума) | Сандра Браун; прев. от англ. Боян Савчев. |
| 250 ## - Област на изданието | |
| Сведения за изданието | 3. изд. |
| 257 ## - Страна на издаване | |
| Страна на създаване/издаване | Съединени американски щати |
| 260 ## - Област на издателските данни | |
| -- | София |
| Име на издателя, разпространителя и проч. | Ергон |
| Година на издаване | 2011 |
| 300 ## - Физическа характеристика | |
| Страници | 408 с. |
| Размери/Мащаб | 20 см |
| 380 ## - Жанр | |
| Жанр | Худож. лит. |
| 490 1# - СЕРИИ (Колекции) | |
| Име на серия | Библиотека Любов и Съдба |
| 500 ## - Общи забележки | |
| Забележка | Ориг. загл. Mirror Image / Sandra Brown. - 1. изд. 1993 на изд. Слово - В. Търново в сер. Колекция Любов - 1. |
| 653 ## - Ключова дума – ненормативна | |
| Ключова дума | романи |
| 659 ## - Тематичен бюлетин | |
| Тематичен бюлетин | Н |
| 700 1# - Други автори (авторска отговорност) | |
| Лично име | Савчев, Боян |
| Автороска отговорност (Описва отношението между автора и произведението) | прев. от англ. |
| 9 (RLIN) | 365428 |
| 852 ## - Местоположение | |
| Форматна сигнатура | Цб 251524 |
| 856 4# - Електронен адрес и достъп | |
| Електронен формат | pdf - файл |
| Път до файла /url/ | |
| 856 4# - Електронен адрес и достъп | |
| Електронен формат | pdf - файл |
| Път до файла /url/ | |
| 942 ## - АРТИКУЛИ | |
| Вид на библиотечния материал | Книги |
| Скрит в OPAC | Не |
| Koha issues (borrowed), all copies | 52 |
| 944 ## - СЪЗДАВАНЕ И РЕДАКЦИЯ на ЗАПИСА | |
| Създаване/Редакция | Създаване |
| Дата на регистрацията/редакция | 13.04.2011 |
| Статус, дата на статуса | Цветелина Шанова |
| Служител, извършил регистрацията/редакцията | 30531 |
| 944 ## - СЪЗДАВАНЕ И РЕДАКЦИЯ на ЗАПИСА | |
| Създаване/Редакция | Редакция |
| Дата на регистрацията/редакция | 19.12.2016 |
| Статус, дата на статуса | ф / |
| Служител, извършил регистрацията/редакцията | Виолета_Тройчева |
| 999 ## - СИСТЕМНИ КОНТРОЛНИ НОМЕРА | |
| Koha biblionumber | 25682 |
| Koha biblioitemnumber | 25682 |
| Код за отписване | Код за изгубен артикул | Източник на класификационната схема | Код за повреда | Коз за рестрикции | Код за отдаване | Артикулен № | Име на библиотеката - собственик | Име на библиотеката, в която се намира в момента | Статус (Текущо местоположение) | Дата на вписване в системата | Местоположение - отдел | Цена в лева | Инвентарен номер | Систематично азбучна сигнатура | Баркод | Номер на екземпляра | Цена в евро | Служебна бележка | Служебен тип на артикула |
|---|---|---|---|---|---|---|---|---|---|---|---|---|---|---|---|---|---|---|---|
| Изтеглен | Не е изгубен | Universal Decimal Classification | Не е повреден | без рестрикции | заемане за дома | 41979 | Регионална библиотека "Любен Каравелов" Русе | Регионална библиотека "Любен Каравелов" Русе | Заемна - подръчен фонд | 2011-04-08 | Заемна - подръчен фонд | 14.00 | 120000750434 | П 820(73)-31/Б 78 | 120000750434 | 1 | 7.16 | Дост: Pk Вид: Ф N: 127 Дата: 01.04.2011 | Книги |
| Не е изгубен | Не е повреден | без рестрикции | ползва се в читалня | 41980 | Регионална библиотека "Любен Каравелов" Русе | Регионална библиотека "Любен Каравелов" Русе | Хранилище | 2013-10-14 | Хранилище | 14.00 | 120000770311 | Цб 251524 | 120000770311 | 2 | 7.16 | Дост: Dp Вид: Д N: 32 Дата: 06.08.2012 | Книги | ||
| Изтеглен | Не е изгубен | Universal Decimal Classification | Не е повреден | без рестрикции | заемане за дома | 41981 | Регионална библиотека "Любен Каравелов" Русе | Регионална библиотека "Любен Каравелов" Русе | Заемна - подръчен фонд | 2014-12-10 | Заемна - подръчен фонд | 14.00 | 120000783620 | П 820(73)-31/Б 78 | 120000783620 | 3 | 7.16 | Дост: Pk Вид: Ф N: 422 Дата: 10.12.2014 | Книги |
| Не е изгубен | Universal Decimal Classification | Не е повреден | заемане за дома | 934720 | Регионална библиотека "Любен Каравелов" Русе | Регионална библиотека "Любен Каравелов" Русе | Заемна - подръчен фонд | 2023-10-23 | Заемна - подръчен фонд | 14.00 | 120000893884 | 821-31/Б 78 С | 120000893884 | 7.16 | Книги |